Microeconomics / (Record no. 368)

MARC details
000 -LEADER
fixed length control field 01020nam a22001817a 4500
008 - FIXED-LENGTH DATA ELEMENTS--GENERAL INFORMATION
fixed length control field 111212t xxu||||| |||| 00| 0 eng d
020 ## - INTERNATIONAL STANDARD BOOK NUMBER
International Standard Book Number 0072854863
050 ## - LIBRARY OF CONGRESS CALL NUMBER
Classification number HB172.S57
100 ## - MAIN ENTRY--PERSONAL NAME
Personal name Slavin, Stephen L.
245 ## - TITLE STATEMENT
Title Microeconomics /
Statement of responsibility, etc. Stephen L. Slavin
250 ## - EDITION STATEMENT
Edition statement 7th ed.
260 ## - PUBLICATION, DISTRIBUTION, ETC.
Place of publication, distribution, etc. Boston:
Name of publisher, distributor, etc. McGraw-Hill,
Date of publication, distribution, etc. c2005.
300 ## - PHYSICAL DESCRIPTION
Extent xxi, 483 p.
Other physical details ill.
Dimensions 28cm.
500 ## - GENERAL NOTE
General note Includes index.
505 ## - FORMATTED CONTENTS NOTE
Formatted contents note Contents: A Brief economic history of the United States -- Resource utilization -- Supply and demand -- The Mixed economy -- Demand, supply, and equilibrium -- The Elasticities of demand and supply -- Theory of consumer behaviour -- Cost -- Profit, loss, and perfect competition -- Monopoly -- Monopolistic competition -- Oligopoly -- Corporate mergers and antitrust -- Demand in the factor market -- Labor unions -- Labor markets and wage rates -- Rent, interest, and profit -- Income distribution and poverty -- International trade -- International finance.
650 ## - SUBJECT ADDED ENTRY--TOPICAL TERM
Topical term or geographic name entry element Microeconomics.
942 ## - ADDED ENTRY ELEMENTS (KOHA)
Source of classification or shelving scheme Library of Congress Classification
Koha item type Books
Holdings
Withdrawn status Lost status Source of classification or shelving scheme Damaged status Not for loan Home library Current library Shelving location Date acquired Total Checkouts Full call number Barcode Date last seen Copy number Price effective from Koha item type
    Library of Congress Classification     WISCONSIN INTERNATIONAL UNIVERSITY COLLEGE, GHANA - MAIN LIBRARY WISCONSIN INTERNATIONAL UNIVERSITY COLLEGE, GHANA - MAIN LIBRARY General Stacks 12/12/2011   HB172.S57 992/11 12/12/2011 1 12/12/2011 Books
    Library of Congress Classification     WISCONSIN INTERNATIONAL UNIVERSITY COLLEGE, GHANA - MAIN LIBRARY WISCONSIN INTERNATIONAL UNIVERSITY COLLEGE, GHANA - MAIN LIBRARY General Stacks 12/12/2011   HB172.S571 993/11 12/12/2011 2 12/12/2011 Books

If you have any concerns or questions; kindly contact the library


© Powered by WIUC ICT DIRECTORATE